<?xml version="1.0" encoding="UTF-8"?><?xml-stylesheet type="text/xsl" href="static/style.xsl"?><OAI-PMH xmlns="http://www.openarchives.org/OAI/2.0/" xmlns:xsi="http://www.w3.org/2001/XMLSchema-instance" xsi:schemaLocation="http://www.openarchives.org/OAI/2.0/ http://www.openarchives.org/OAI/2.0/OAI-PMH.xsd"><responseDate>2026-06-01T20:48:16Z</responseDate><request verb="GetRecord" identifier="oai:riuma.uma.es:10630/36559" metadataPrefix="marc">https://riuma.uma.es/rest/oai/request</request><GetRecord><record><header><identifier>oai:riuma.uma.es:10630/36559</identifier><datestamp>2026-02-03T11:37:59Z</datestamp><setSpec>com_10630_2254</setSpec><setSpec>col_10630_37956</setSpec></header><metadata><record xmlns="http://www.loc.gov/MARC21/slim" xmlns:dcterms="http://purl.org/dc/terms/" xmlns:doc="http://www.lyncode.com/xoai" xmlns:xsi="http://www.w3.org/2001/XMLSchema-instance" xsi:schemaLocation="http://www.loc.gov/MARC21/slim http://www.loc.gov/standards/marcxml/schema/MARC21slim.xsd">
   <leader>00925njm 22002777a 4500</leader>
   <datafield ind2=" " ind1=" " tag="042">
      <subfield code="a">dc</subfield>
   </datafield>
   <datafield ind2=" " ind1=" " tag="720">
      <subfield code="a">Malavé-Osuna, Belén</subfield>
      <subfield code="e">author</subfield>
   </datafield>
   <datafield ind2=" " ind1=" " tag="260">
      <subfield code="c">2022</subfield>
   </datafield>
   <datafield ind2=" " ind1=" " tag="520">
      <subfield code="a">La primera tarea del planeamiento sostenible de las ciudades debería consistir en gestionar los stocks de suelo y de patrimonio construido, en beneficio exclusivo de la colectividad, sin perder nunca de vista la escasez. Sin embargo, eso sólo se logra invirtiendo grandes sumas de dinero en lo único que se puede: obras proyectadas para rehabilitar y regenerar todo aquello que ya existe y que implica su mejor aprovechamiento. Ello significa que la primera estrategia de planeamiento; la primera política pública, en materia urbanística es la recuperación integral del patrimonio edificado, sin que basten, por tanto, obras de restauración meramente estéticas. Este principio básico del desarrollo sostenible encuentra su origen en algunas leyes tardorromanas, formuladas primero en el Teodosiano y después por Justiniano, también en sus Novelas sobre la materia, muy poco investigadas, por cierto. La interpretación literal de los textos romanos sugiere la existencia de una traslación integral a las declaraciones programáticas actuales de todos los principios que fundamentan el ODS 11.</subfield>
   </datafield>
   <datafield ind1="8" ind2=" " tag="024">
      <subfield code="a">978-84-1122-303-4</subfield>
   </datafield>
   <datafield ind1="8" ind2=" " tag="024">
      <subfield code="a">https://hdl.handle.net/10630/36559</subfield>
   </datafield>
   <datafield tag="653" ind2=" " ind1=" ">
      <subfield code="a">Derecho urbanístico - Roma</subfield>
   </datafield>
   <datafield ind2="0" ind1="0" tag="245">
      <subfield code="a">La obligación de restaurar en la experiencia  jurídica romana tardoimperial: el nacimiento del ODS 11</subfield>
   </datafield>
</record>
</metadata></record></GetRecord></OAI-PMH>